000 00457nam a2200193Ia 4500
005 20250603145649.0
008 250603s9999 xx 000 0 und d
020 _a9780764038
050 _aP 91 .A84/
100 _aAsemah, Ezekiel S.
245 0 _aResearch methods and procedures in mass communication
250 _a2nd ed.
260 _aJos
260 _bGreat Future Press
260 _c2017
300 _a405 p
650 _aJos
942 _cBK
999 _c42493
_d42493